Logo BPK

Bibliografia Prac Pracowników

Politechniki Koszalińskiej

Badanie sprężystości skorupy ziemskiej na podstawie satelitarnych pomiarów laserowych (SLR) / (Rekord nr 7785)

Szczegóły MARC
000 -ETYKIETA REKORDU
podpole kontrolne o stałej długości 00843nab a22002417i 4500
001 - NUMER KONTROLNY REKORDU
podpole kontrolne 7785
003 - IDENTYFIKATOR NUMERU KONTROLNEGO REKORDU
podpole kontrolne KOSZ 005
005 - DATA OSTATNIEJ MODYFIKACJI REKORDU
podpole kontrolne 20180316162032.0
008 - POLE O STAŁEJ DŁUGOŚCI - DANE KONTROLNE
podpole kontrolne o stałej długości 160308s2011 ||||| ||||0|| 0 pol
035 ## - NUMER SYSTEMOWY
Numer systemowy przejętego rekordu PBN-R:350796
040 ## - ŹRÓDŁO KATALOGOWANIA
Instytucja, która utworzyła rekord KOSZ 005/md
Instytucja, która sporządziła opis PBN-ID
041 0# - KOD JĘZYKA
Kod języka tekstu pol
080 ## - UNIWERSALNA KLASYFIKACJA DZIESIĘTNA - UKD
UKD 528
100 1# - NAZWA OSOBOWA
Nazwa osobowa JAGODA, Marcin.
Instytucja Politechnika Koszalińska
245 10 - TYTUŁ/ODPOWIEDZIALNOŚĆ
Tytuł Badanie sprężystości skorupy ziemskiej na podstawie satelitarnych pomiarów laserowych (SLR) /
Pozostałe elementy strefy tytułu i oznaczenia odpowiedzialności Marcin Jagoda, Miłosława Rutkowska.
650 #0 - HASŁO PRZEDMIOTOWE W FORMIE NAZWY OGÓLNEJ LUB JEDNOSTKOWEJ
Nazwa ogólna lub geograficzna Budownictwo.
650 ## - HASŁO PRZEDMIOTOWE W FORMIE NAZWY OGÓLNEJ LUB JEDNOSTKOWEJ
Nazwa ogólna lub geograficzna Geodezja i kartografia.
650 #0 - HASŁO PRZEDMIOTOWE W FORMIE NAZWY OGÓLNEJ LUB JEDNOSTKOWEJ
Nazwa ogólna lub geograficzna Telekomunikacja.
650 #0 - HASŁO PRZEDMIOTOWE W FORMIE NAZWY OGÓLNEJ LUB JEDNOSTKOWEJ
Nazwa ogólna lub geograficzna Fizyka.
700 1# - HASŁO DODATKOWE - NAZWA OSOBOWA
Nazwa osobowa RUTKOWSKA, Miłosława.
Instytucja Politechnika Koszalińska
773 0# - TYTUŁ DOKUMENTU MACIERZYSTEGO
Wyrażenie wprowadzające W:
Tytuł Biuletyn Wojskowej Akademii Technicznej. -
Informacje dotyczące relacji 2011, Vol. 60, nr 3(663)
ISSN 1234-5865
942 ## - HASŁO DODATKOWE - ELEMENTY(KOHA)
Typ dokumentu Artykuł
Schemat klasyfikacji Uniwersalna klasyfikacja dziesiętna

Brak dostępnych egzemplarzy.

© 2014 Biblioteka Politechniki Koszalińskiej :: BIBLIOGRAFIA PRAC PRACOWNIKÓW